000 00684nam a22002057a 4500
005 20251108165249.0
008 250721s1991 xx 000 0 ara d
082 1 4 _a823.09/جري
100 1 _aجرين، جراهام
245 1 0 _aمذكرات جراهام جرين :
_bتجربتي في كتابة الرواية /
264 1 _aالقاهرة :
_bدار أخبار اليوم،
_c1991.
300 _a176ص
650 1 7 _aالقصص الإنجليزية
650 1 7 _aالأدب الإنجليزي
650 1 7 _aالنقد الأدبي
650 1 7 _aالتاريخ الأدبي
700 1 _aشاهين، أحمد عمر
_eترجمة
942 _2ddc
_cBK
999 _c23558
_d23558